00594nam a22002057a 450000500170000001000110001702000100002803500110003803700170004904000120006608200130007810000290009124500980012026000450021827000120026330000320027550000330030765000310034065000170037120170124110041.0 a560234 c00.00 a560234 bCen Lib/ Ret aDPLbEN a921bGAL aGalbraith, John Kenneth  aAmbassador's journal :cby John Kenneth Galbraith ba personal account of the kennedy years / aBoston bHoughton Mifflin Company c1969 bBoston  axx, 582p. ;c21cm(Hb)bill. aIncludes appendix and index  aPolitical science xLeader aBiographies